US states with "Y" in their name - Statistics

General Stats
  • This quiz has been taken 73 times
  • The average score is 5 of 6
Answer Stats
Answer % Correct
Wyoming
100%
New York
94%
Kentucky
88%
New Jersey
85%
Pennsylvania
85%
Maryland
79%
No matching quizzes found
Score Distribution
Percent of People with Each Score
Percentile by Number Answered
Your Score History
You have not taken this quiz